000 00486nam a2200157 i 4500
001 20519
003 ES-MaACL
005 20230906152322.0
007 t|
008 021113s1968 sp ||||1| spa d
110 2 _aAcción Católica Española.
_91243
245 1 0 _aUnidos para que el mundo crea
_b: plan de trabajo 1968-1969 /
_cAcción Católica Española.
260 _aMadrid :
_b[s.n.,
_c1968] (
_fImp. Ramos)
300 _a111 p. ;
_c19 cm.
852 _aES-MaACL
_jC-51608
_bR.67313
999 _c20519
_d20519